000 00540nam a2200205Ia 4500
003 OSt
005 20170518095405.0
008 151021s9999 xx 000 0 und d
020 _a72501219
040 _aMMU
_beng
_cMMU
_dMMU
050 _aPN4121.L72 2001
100 _aLucas Stephen .E
_9200
245 _a_The art of public speaking
_bStudent CR-ROM Guidebook
250 _a7TH ed.
260 _aBoston
_b Mcgraw- hill
_c 2001
300 _a20 p,
500 _a
650 _aPublic speaking
942 _2lcc
_cLOAN LOAN
_e7th ed.
999 _c14833
_d14833